Разработка методики акустико-эмиссионного контроля дефектов на ранней стадии их развития в изделиях из композиционных материалов: диссертация на соискание ученой степени кандидата технических наук; спец. 05.11.13

গ্রন্থ-পঞ্জীর বিবরন
প্রধান লেখক: Чернова В. В. Валентина Викторовна
সংস্থা লেখক: Сибирский государственный университет путей сообщения (СГУПС)
অন্যান্য লেখক: Степанова Л. Н. Людмила Николаевна (научный руководитель)
সংক্ষিপ্ত:Защищена 04.04.2017 г.
ভাষা:রুশ
প্রকাশিত: Новосибирск, [Б. и.], 2016
বিষয়গুলি:
বিন্যাস: গ্রন্থ
KOHA link:https://koha.lib.tpu.ru/cgi-bin/koha/opac-detail.pl?biblionumber=332447

MARC

LEADER 00000nbm0a2200000 4500
001 332447
005 20231102004445.0
035 |a (RuTPU)RU\TPU\book\358380 
035 |a RU\TPU\book\358433 
090 |a 332447 
100 |a 20170524j20170404k y0rusy50 ca 
101 0 |a rus 
102 |a RU 
105 |a a m 001zy 
200 1 |a Разработка методики акустико-эмиссионного контроля дефектов на ранней стадии их развития в изделиях из композиционных материалов  |e диссертация на соискание ученой степени кандидата технических наук  |e спец. 05.11.13  |f В. В. Чернова  |g Сибирский государственный университет путей сообщения (СГУПС) ; науч. рук. Л. Н. Степанова 
210 |a Новосибирск  |c [Б. и.]  |d 2016 
215 |a 144 л.  |c ил. 
300 |a Защищена 04.04.2017 г. 
320 |a Библиогр.: с. 128-139 (119 назв.) 
606 1 |a Акустическая эмиссия  |2 stltpush  |3 (RuTPU)RU\TPU\subj\1707  |9 30414 
610 1 |a композиционные материалы 
610 1 |a объекты 
610 1 |a дефекты 
610 1 |a неразрушающий контроль 
610 1 |a углепластики 
610 1 |a стеклопластики 
610 1 |a образцы 
610 1 |a статические испытания 
610 1 |a прочностные испытания 
610 1 |a циклические нагрузки 
610 1 |a авиационные конструкции 
610 1 |a элероны 
610 1 |a тензометрия 
610 1 |a диссертации 
675 |a 620.179.17(04)  |v 4 
686 |a 05.11.13  |2 oksvnk 
700 1 |a Чернова  |b В. В.  |g Валентина Викторовна 
702 1 |a Степанова  |b Л. Н.  |g Людмила Николаевна  |4 727 
712 0 2 |a Сибирский государственный университет путей сообщения (СГУПС)  |c (Новосибирск)  |2 stltpush  |3 (RuTPU)RU\TPU\col\140 
801 1 |a RU  |b 63413507  |c 20170524 
801 2 |a RU  |b 63413507  |c 20170605  |g RCR 
942 |c BK